[Event "Budapest Rakosmente op 19th"]
[Site "Budapest"]
[Date "2021.07.01"]
[Round "1"]
[White "La Barbera, Manfredi"]
[Black "Lang, Kristof Mark"]
[Result "1-0"]
[WhiteElo "1667"]
[BlackElo "1137"]
[PlyCount "59"]
[EventDate "2021.07.01"]
[EventType "swiss"]
[EventRounds "6"]
[EventCountry "HUN"]
[SourceTitle "CBM 203 Extra"]
[Source "ChessBase"]
[SourceDate "2021.09.30"]
[SourceVersion "1"]
[SourceVersionDate "2021.09.30"]
[SourceQuality "1"]

1. e4 c5 2. Nf3 d6 3. d4 cxd4 4. Nxd4 Nf6 5. Nc3 a6 6. Be3 e6 7. f3 Be7 8. Qd2 b5 9. 0-0-0 Bb7 10. Kb1 Nbd7 11. g4 Ne5 12. Rg1 b4 13. Nce2 Nc4 14. Qd3 Nxe3 15. Qxe3 a5 16. Ng3 a4 17. Bb5+ Nd7 18. Nh5 Rg8 19. e5 d5 20. f4 a3 21. f5 axb2 22. fxe6 fxe6 23. Nxe6 Qa5 24. Qb3 Bd8 25. Rxd5 Bxd5 26. Qxd5 Qa7 27. Rd1 g6 28. Bxd7+ Kf7 29. Rf1+ Ke7 30. Qd6# 1-0